स्वराज्य मार्गदर्शक लोकमान्य टिळक (Record no. 323346)

MARC details
000 -LEADER
fixed length control field 00667nam a2200169Ia 4500
008 - FIXED-LENGTH DATA ELEMENTS--GENERAL INFORMATION
fixed length control field 090711s9999 xx 000 0 und d
082 ## - DEWEY DECIMAL CLASSIFICATION NUMBER
Item number 7006
100 ## - MAIN ENTRY--PERSONAL NAME
Personal name आपटे गुरुजी
245 ## - TITLE STATEMENT
Title स्वराज्य मार्गदर्शक लोकमान्य टिळक
260 ## - PUBLICATION, DISTRIBUTION, ETC. (IMPRINT)
Date of publication, distribution, etc 1940
300 ## - PHYSICAL DESCRIPTION
Extent 208
600 ## - SUBJECT ADDED ENTRY--PERSONAL NAME
Personal name आपटे गुरुजी
630 ## - SUBJECT ADDED ENTRY--UNIFORM TITLE
Uniform title स्वराज्य मार्गदर्शक लोकमान्य टिळक
700 ## - ADDED ENTRY--PERSONAL NAME
Personal name आपटे गुरुजी
730 ## - ADDED ENTRY--UNIFORM TITLE
Uniform title स्वराज्य मार्गदर्शक लोकमान्य टिळक
942 ## - ADDED ENTRY ELEMENTS (KOHA)
Koha item type Book

No items available.